La influencia norteamericana en la Costitución española de 1869 / (Record no. 109530)

MARC details
000 -LEADER
campo de control de longitud fija 00526nam a2200157 4500
001 - NÚMERO DE CONTROL
campo de control 109530
003 - IDENTIFICADOR DE NÚMERO DE CONTROL
campo de control ES-MaACL
007 - CAMPO FIJO DE DESCRIPCIÓN FÍSICA--INFORMACIÓN GENERAL
campo de control de longitud fija t|
008 - DATOS DE LONGITUD FIJA--INFORMACIÓN GENERAL
campo de control de longitud fija 061121s1972 sp r ||||1| spa d
100 1# - ENTRADA PRINCIPAL--NOMBRE DE PERSONA
Nombre de persona Oltra, Joaquín.
9 (RLIN) 87022
245 13 - MENCIÓN DEL TÍTULO
Título La influencia norteamericana en la Costitución española de 1869 /
Mención de responsabilidad, etc. Joaquín Oltra.
260 ## - PUBLICACIÓN, DISTRIBUCIÓN, ETC.
Lugar de publicación, distribución, etc. Madrid :
Nombre del editor, distribuidor, etc. Instituto de Estudios Administrativos,
Fecha de publicación, distribución, etc. 1972.
300 ## - DESCRIPCIÓN FÍSICA
Extensión 194 p. ;
Dimensiones 24 cm.
710 2# - ENTRADA AGREGADA--NOMBRE DE ENTIDAD CORPORATIVA
Nombre de entidad corporativa o nombre de jurisdicción como elemento de entrada Instituto de Estudios Administrativos (Madrid)
9 (RLIN) 4880
852 ## - LOCALIZACIÓN
Ubicación ES-MaACL
Número de control de estantería E-5314
Sublocalización o colección R.89696
Holdings
Estatus retirado Estado de pérdida Estado de daño No para préstamo Biblioteca de origen Biblioteca actual Ubicación en estantería Fecha de adquisición Fuente de adquisición Total de préstamos Signatura topográfica completa Código de barras Visto por última vez Precio de reemplazo Tipo de ítem Koha
        Biblioteca del Ateneo de Madrid Biblioteca del Ateneo de Madrid Depósito 2 17/01/2008     E-5314 1114282 23/02/2023 23/02/2023 Libro impreso